一駅あたりの人口TOP50・ワースト50-近畿- - Statistics

General Stats
  • This quiz has been taken 14 times
  • The average score is 71 of 100
Answer Stats
順位 人口/駅数(人) 自治体名 % Correct
1 85223 守山市
100%
2 74736 草津市
100%
7 50080 野洲市
100%
12 36186.91 豊中市
100%
14 34469 栗東市
100%
18 31653.63 加古川市
100%
19 29058.3 茨木市
100%
21 28311.57 吹田市
100%
22 28009 守口市
100%
35 21860.09 西宮市
100%
42 19115.21 堺市
100%
48 18044.53 明石市
100%
3 69101.6 高槻市
92%
4 55554.75 寝屋川市
92%
6 52079 池田市
92%
11 38184 大東市
92%
13 34967.85 尼崎市
92%
17 32357.67 枚方市
92%
31 23368.45 八尾市
92%
32 22973.27 奈良市
92%
34 22818.4 門真市
92%
38 20496.33 藤井寺市
92%
40 20186.5 近江八幡市
92%
47 18308.33 宝塚市
92%
5 53250 四條畷市
85%
10 39085.8 伊丹市
85%
28 26187.43 岸和田市
85%
29 24119.67 泉大津市
85%
33 22949 芦屋市
85%
36 21314.33 田辺市
85%
44 18686.88 東大阪市
85%
50 17888 与謝野町
85%
6 1617.5 串本町
85%
8 1718 吉野町
85%
10 1863 宮津市
85%
24 2941.75 新温泉町
85%
31 3561.83 御坊市
85%
39 4537.56 志摩市
85%
42 4684.75 白浜町
85%
8 45128 和泉市
77%
23 27779 箕面市
77%
37 21026 羽曳野市
77%
43 19023 大阪狭山市
77%
12 1947.38 鳥羽市
77%
14 2249.33 岬町
77%
22 2836.2 尾鷲市
77%
37 4221.86 南丹市
77%
45 5101 小野市
77%
46 5101.57 西脇市
77%
9 42457 熊取町
69%
26 27179 長岡京市
69%
30 23755 有田川町
69%
46 18462.33 向日市
69%
49 18037.25 名張市
69%
3 913 笠置町
69%
4 1054 南山城村
69%
19 2572 太地町
69%
21 2831.5 京丹波町
69%
28 3198 紀北町
69%
34 3742.5 伊賀市
69%
35 4105.5 田尻町
69%
20 28649 松原市
62%
25 27260 斑鳩町
62%
27 26842 岩出市
62%
2 877.33 高野町
62%
5 1068.33 すさみ町
62%
9 1812.86 那智勝浦町
62%
16 2362.83 熊野市
62%
32 3597.33 御所市
62%
38 4399.67 朝来市
62%
41 4682 明日香村
62%
43 4783.5 紀宝町
62%
16 33754 広陵町
54%
24 27315 猪名川町
54%
45 18640 福崎町
54%
1 846.75 九度山町
54%
11 1939.25 大台町
54%
13 1980.29 佐用町
54%
20 2780.8 香美町
54%
27 3136 神河町
54%
30 3475 井手町
54%
40 4664 由良町
54%
47 5291.21 福知山市
54%
15 34069.5 八幡市
46%
39 20343 愛荘町
46%
15 2356 印南町
46%
18 2510 大淀町
46%
33 3670 いなべ市
46%
36 4197.33 上郡町
46%
44 4977.5 市川町
46%
48 5297.71 葛城市
46%
23 2921 かつらぎ町
38%
25 3013.5 高取町
38%
26 3021.5 三宅町
38%
49 5324 河合町
38%
41 20052 日野町
31%
7 1678.25 大紀町
31%
17 2466.67 御浜町
31%
29 3281.75 多気町
23%
50 5386 みなべ町
23%
No matching quizzes found
Score Distribution
Percent of People with Each Score
Percentile by Number Answered
Your Score History
You have not taken this quiz